| 000 | 00512nam a2200181Ia 4500 | ||
|---|---|---|---|
| 999 |
_c8626 _d8626 |
||
| 003 | OSt | ||
| 005 | 20201008101543.0 | ||
| 008 | 190216s9999||||xx |||||||||||||| ||und|| | ||
| 020 | _a8125905308 | ||
| 040 | _coclc | ||
| 082 |
_a004.678 _bLEO/I |
||
| 100 | 1 |
_aLeon, Alexis _91194 |
|
| 245 | 0 |
_aInternet For Everyone / _cAlexis Leon ; Mathews Leon |
|
| 260 |
_bLeon Tech World, _c1996. _aChennai: |
||
| 300 | _a173p | ||
| 650 | _aComputer | ||
| 942 |
_cBK _2ddc _h004.678 _iLEO/I _k004.678 _mLEO/I |
||